| 000 | 01388nam0a2200301 4500 | ||
|---|---|---|---|
| 001 | RU\NLR\bibl\1715171 | ||
| 005 | 20260405224925.0 | ||
| 021 |
_aRU _b2010-91795 _96174 |
||
| 035 | _a(NLR Aleph) 001706185 | ||
| 090 |
_a1251347 _c1251347 |
||
| 100 | _a20101216d2010 |||y0rusy50 ca | ||
| 101 | 0 | _arus | |
| 102 | _aRU | ||
| 105 | _aa ||||||||| | ||
| 200 | 1 |
_aОсновы теории аналитических функций _eучебное пособие _e[для студентов физико-математического факультета] _fО.Г. Никитина _gПенз. гос. пед. ун-т им. В.Г. Белинского |
|
| 210 |
_aПенза _cредакционно-издательский отдел ПГПУ _d2010 |
||
| 215 |
_a63 с. _cил. _d21 |
||
| 320 | _aБиблиогр.: с. 62 (7 назв.) | ||
| 606 | 1 |
_aАналитические функции _jУчебные издания для высших учебных заведений _xТеория _9961722 _3RU\NLR\auth\6640317 |
|
| 686 | _aВ161.5я73-1 | ||
| 700 | 1 |
_4070 _8rus _7ca _aНикитина _bО. Г. _cканд. физ.-мат. наук _f1959- _gОльга Геннадьевна _3RU\NLR\auth\77102993 _985919 |
|
| 801 | 0 |
_aRU _bNLR _c20101216 _gRCR |
|
| 801 | 1 |
_aRU _bNLR _c20101216 |
|
| 830 | _aавт. по кн. | ||
| 942 | _cBOOK | ||
| 980 | _aNB | ||
| 980 | _aNBR | ||